Normal view
MARC view
Entry Topical Term
001 - CONTROL NUMBER
- control field: 45705
003 - CONTROL NUMBER IDENTIFIER
- control field: ARRUPE
005 - DATE AND TIME OF LATEST TRANSACTION
- control field: 20190402094450.0
008 - FIXED-LENGTH DATA ELEMENTS
- fixed length control field: 190402|| aca||aabn | a|a d
040 ## - CATALOGING SOURCE
- Original cataloging agency: ARRUPE
- Transcribing agency: ARRUPE
150 ## - HEADING--TOPICAL TERM
- Topical term or geographic name as entry element: Mental illness
- General subdivision: Diagnosis
- General subdivision: Handbooks, manuals, etc.
670 ## - SOURCE DATA FOUND
- Source citation: Work cat.: (ARRUPE)0: Desk reference to the diagnostic criteria from DSM-III., c1982.